[Event "Goch op 18th"]
[Site "Goch"]
[Date "2007.10.07"]
[Round "6"]
[White "Meyer, Ralf"]
[Black "Stelter, Wilhelm"]
[Result "1/2-1/2"]
[WhiteElo "1289"]
[BlackElo "1640"]
[PlyCount "43"]
[EventDate "2007.10.04"]
[EventType "swiss"]
[EventRounds "7"]
[EventCountry "GER"]
[SourceTitle "EXT 2011"]
[Source "ChessBase"]
[SourceDate "2010.11.26"]
[SourceVersion "1"]
[SourceVersionDate "2010.11.26"]
[SourceQuality "1"]

1. e4 e5 2. Nf3 Nc6 3. d4 exd4 4. Nxd4 Nf6 5. Nc3 Bb4 6. Nxc6 Bxc3+ 7. bxc3 bxc6 8. Bd3 0-0 9. 0-0 d5 10. e5 Ng4 11. h3 Nxe5 12. Bxh7+ Kxh7 13. Qh5+ Kg8 14. Qxe5 Re8 15. Qg3 Re6 16. Rb1 Ba6 17. Rd1 Rg6 18. Qf4 Rf6 19. Qd4 Rg6 20. Re1 Qd7 21. Bd2 Qxh3 22. g3 1/2-1/2

[Event "Goch op 18th"]
[Site "Goch"]
[Date "2007.10.06"]
[Round "4"]
[White "Horlemann, Eberhard"]
[Black "Meyer, Ralf"]
[Result "1-0"]
[WhiteElo "1557"]
[BlackElo "1289"]
[PlyCount "87"]
[EventDate "2007.10.04"]
[EventType "swiss"]
[EventRounds "7"]
[EventCountry "GER"]
[SourceTitle "EXT 2011"]
[Source "ChessBase"]
[SourceDate "2010.11.26"]
[SourceVersion "1"]
[SourceVersionDate "2010.11.26"]
[SourceQuality "1"]

1. d4 d5 2. e4 e6 3. Nc3 Nf6 4. Bg5 Be7 5. e5 Ne4 6. Nxe4 Bxg5 7. Nxg5 Qxg5 8. Nf3 Qe7 9. Bd3 Qb4+ 10. Qd2 Nc6 11. c3 Qe7 12. h4 Bd7 13. a4 0-0-0 14. Kf1 f6 15. b4 Qf7 16. a5 h6 17. b5 Ne7 18. h5 f5 19. b6 a6 20. bxc7 Kxc7 21. Qb2 Bc6 22. Nd2 Qe8 23. Qb6+ Kb8 24. Bxa6 Nc8 25. Qb2 Kc7 26. Be2 Rd7 27. Nb3 Kd8 28. Nc5 Rf7 29. Ra3 Qe7 30. Rb3 Na7 31. a6 Kc8 32. Nxb7 Nb5 33. Bxb5 Bxb7 34. axb7+ Kb8 35. Bd3 Qg5 36. Qa3 Rxb7 37. Rxb7+ Kxb7 38. g3 Ra8 39. Qb2+ Kc7 40. Kg2 f4 41. Rb1 f3+ 42. Kxf3 Qxh5+ 43. Kg2 Qe8 44. Qb7+ 1-0